000
00232 a2200097 4500
001
47898
100
_a
Goodwin G L
245
_a
Britain & The United Nations
260
_a
London
_b
Oxford University Press
_c
090
_c
30893
_d
30893
942
_a
NUST-CAE
_c
M
_c
23217
999
_c
282971
_d
282971